000 01386nam a22004330a 4500
001 UByD001880
003 AR-LpoUNG
005 20240209100831.0
008 230824s2016||||ag |||||||||||||||||spa d
020 _a9789503413098
040 _aAR-LpoUNG
_bspa
_cAR-LpoUNG
_eaacr
041 _aspa
044 _aag
082 0 _a982.065 442com
100 1 _aChama, Sergio Mauricio
245 1 0 _aCompromiso político y labor profesional :
_bestudios sobre psicólogos y abogados en los primeros setenta
250 _a1ra. ed.
260 _aBuenos Aires :
_bUniversidad Nacional de General Sarmiento ;
_aLa Plata :
_bUniversidad Nacional de La Plata. Facultad de Humanidades y Ciencias de la Educación,
_c2016.
300 _a162 p.
490 0 _aEntre los libros de la buena memoria ;
_vno. 4
650 4 _aARGENTINA
650 4 _aANALISIS SOCIOLOGICO
650 4 _aANALISIS HISTORICO
650 4 _aASPECTOS SOCIALES
650 4 _aCAMBIO SOCIAL
650 4 _aSOCIEDAD
650 4 _aPROFESION
650 4 _aASPECTOS SOCIALES
650 4 _aDESARROLLO POLITICO
650 4 _aESTRUCTURA SOCIAL
650 4 _aPERSONAL PROFESIONAL
650 4 _aPSICOLOGO
650 4 _aABOGADO
653 0 _aASPECTOS ETICOS
653 0 _aASPECTOS CULTURALES
856 4 0 _uhttp://repositorio.ungs.edu.ar/handle/UNGS/264
_yTexto completo
905 _a35284
942 _cLIB
_2ddc
999 _c64393
_d64393